000 00798nam a2200205 i 4500
001 98447
003 ES-MaACL
005 20240301062534.0
007 t|
008 050902s1914 sp ||||1| spa d
100 1 _aVelasco y Aguirre, Miguel.
_9113780
245 1 0 _aObras de ornamentación y de artes industriales existentes en la Sección de Bellas Artes de la Biblioteca Nacional
_b: catálogo provisional /
_cpor Miguel Velasco y Aguirre.
260 _aMadrid :
_b[s.n.],
_c1914.
300 _a115 p. ;
_c24 cm.
610 2 4 _aBiblioteca Nacional (España).
_bSección de Bellas Artes-
_vCatálogos.
_9157744
650 4 _aDecoración y ornamentación-
_vBibliografías.
_9157745
710 2 _aBiblioteca Nacional (España)
_92188
852 _aES-MaACL
_jC-15737(3)
999 _c98447
_d98447